MARC

Tag First Indicator Second Indicator Subfields
LEADER 00000cem a2200000Ia 4500
001 in00002392721
005 20211129155715.0
006 m u f
007 cr cnu||||||||
008 080317s2007 vaubc bh a fs 1 eng d
034 1 |a a  |b 2500  |d W0740100  |e W0735800  |f N0402900  |g N0402430 
035 |a (OCoLC)ocn213413075 
040 |a GPO  |c GPO  |d GPO  |d MvI  |d UtOrBLW 
043 |a n-us-nj 
049 |a WWW 
052 |a 3812  |b G38 
074 |a 0624-H (online) 
086 0 |a I 19.76:2007-1178 
100 1 |a Brock, John C. 
245 1 0 |a EAARL topography, Gateway National Recreation Area, Sandy Hook Unit /  |c by John C. Brock [and others]. 
246 1 |i At head of title:  |a USGS-NPS-NASA EAARL topography 
246 3 |a Experimental Advanced Airborne Research Lidar topography 
255 |a Scale 1:2,500 ;  |b universal transverse Mercator proj.  |c (W 74°01ʹ00ʺ--W 73°58ʹ00ʺ/N 40°29ʹ00ʺ--N 40°24ʹ30ʺ). 
264 1 |a Reston, Va. :  |b U.S. Dept. of the Interior, U.S. Geological Survey,  |c 2007. 
300 |a 8 maps :  |b HTML, digital, PDF file. 
336 |a cartographic image  |b cri  |2 rdacontent 
337 |a computer  |b c  |2 rdamedia 
338 |a online resource  |b cr  |2 rdacarrier 
490 1 |a Open-file report ;  |v 2007-1178 
500 |a Title from HTML start page (viewed on Mar. 17, 2008). 
500 |a Includes interactive index of quadrangles covered. 
500 |a Relief shown by shading and gradient tints. 
504 |a Includes bibliographical references. 
538 |a Mode of access: Internet from the USGS web site. Address as of 3/17/08: http://pubs.usgs.gov/of/2007/1178/start.html ; current access via PURL. 
538 |a System requirements: PC with Internet access and Adobe Acrobat Reader or similar software to read .pdf (Portable Document Format) files. 
500 |a Electronic resource. 
650 0 |a Topographical surveying  |z New Jersey  |z Sandy Hook Unit of Gateway National Recreation Area  |v Remote-sensing maps. 
651 0 |a Sandy Hook Unit of Gateway National Recreation Area (N.J.)  |v Maps, Topographic. 
651 0 |a Sandy Hook Unit of Gateway National Recreation Area (N.J.)  |v Remote-sensing maps. 
710 2 |a Geological Survey (U.S.) 
710 1 |a United States.  |b National Park Service. 
710 1 |a United States.  |b National Aeronautics and Space Administration. 
830 0 |a U.S. Geological Survey open-file report ;  |v 2007-1178. 
856 4 0 |u https://purl.fdlp.gov/GPO/LPS92130  |t 0 
999 |a MARS 
999 f f |s d9005846-8289-3536-87df-0f1a3066f648  |i 098c2876-8d2c-3558-88f6-d0ef069a0914  |t 0 
952 f f |a Texas A&M University  |b College Station  |c Electronic Resources  |d Available Online  |t 0  |e I 19.76:2007-1178  |h Superintendent of Documents classification 
998 f f |a I 19.76:2007-1178  |t 0  |l Available Online